000 00803nam a2200265 a 4500
001 BRCA_5265
005 20190320205017.0
008 301110s1970----it-#######---#000-0#eng-#
020 _a0600392023
041 _aeng
044 _ait
050 4 _aNK1125
_b.S66 1970
100 1 _aSomerset Fry, Plantagenet
_913485
245 1 0 _aThe World of Antiques
_cPlantagenet Somerset Fry ; introduction by Ralph and Terry Kovel.
260 _aItalia
_bHamlyn
_cc1970
300 _a141 p.
_bil. (algunas a color)
_c29 cm.
500 _aIncluye índice alfabético
500 _aDonación Dr. Héctor Rivero Borrell Vázquez
504 _aBibliografía: p. 137-138
650 1 4 _aAntigüedades
_913486
700 1 _aKovel, Ralph
_913487
700 1 _aKovel, Terry
_913488
902 _aDHR
942 _2lcc
_cB
999 _c4959
_d4959